| 000 | 00711nam a2200217 i 4500 | ||
|---|---|---|---|
| 001 | 171486 | ||
| 003 | ES-MaACL | ||
| 005 | 20250808062808.0 | ||
| 008 | 090519s1974 sp |||| | spa d | ||
| 020 | _a84-220-0668-5 | ||
| 080 | _a296.7 | ||
| 100 | 1 |
_aO'Callaghan, José, _d1922-2001 _9140205 |
|
| 245 | 1 | 0 |
_aLos papiros griegos de la cueva 7 de Qumrân / _cpor José O'Callaghan. |
| 260 |
_aMadrid : _bLa Editorial Católica, _c1974. |
||
| 300 |
_a99 p., VI h. lám. ; _c20 cm. |
||
| 490 | 1 |
_aBiblioteca de autores cristianos ; _v353 |
|
| 630 | 0 | 4 |
_aManuscritos del Mar Muerto. _9122859 |
| 830 | 1 | 0 |
_aBiblioteca de autores cristianos _v353 _9178679 |
| 852 |
_aES-MaACL _jJ-346 |
||
| 999 |
_c171486 _d171486 |
||